[Event "Memorial Hanaka Frantiska"]
[Site "?"]
[Date "2010.??.??"]
[Round "?"]
[White "Kýhos, Alois"]
[Black "Sýkora, Josef"]
[Result "1/2-1/2"]
[WhiteElo "2318"]
[BlackElo "2291"]
[PlyCount "102"]
[EventDate "2010.??.??"]
[EventType "corr"]

1. d4 Nf6 2. c4 g6 3. Nc3 d5 4. Nf3 Bg7 5. Qb3 dxc4 6. Qxc4 O-O 7. e4 Bg4 8.
Be3 Nfd7 9. Qb3 Nb6 10. O-O-O a5 11. h3 a4 12. Qc2 Bxf3 13. gxf3 Nc6 14. Nb5 a3
15. b3 e6 16. Kb1 Nc8 17. Qc1 N8a7 18. Nxa3 Bxd4 19. Bh6 Re8 20. Bg5 f6 21. Be3
Bxe3 22. fxe3 Qe7 23. h4 Rad8 24. Rxd8 Rxd8 25. Nc2 Ne5 26. Be2 Nf7 27. h5 g5
28. Qe1 c5 29. Rg1 h6 30. Na3 b6 31. Qc3 Nc6 32. Nb5 Nd6 33. Nxd6 Rxd6 34. Bb5
Qd8 35. f4 Na7 36. Bc4 Rd1+ 37. Rxd1 Qxd1+ 38. Kb2 Kf7 39. e5 Nc6 40. exf6 gxf4
41. exf4 Nd4 42. Qd3 Qxh5 43. Qh7+ Kxf6 44. Qh8+ Ke7 45. Qg7+ Qf7 46. Qxh6 Nc6
47. Qh1 Qf6+ 48. Ka3 Kd6 49. Qh2 Nd4 50. f5+ e5 51. Qg2 Qxf5 1/2-1/2

[Event "Memorial Hanaka Frantiska"]
[Site "?"]
[Date "2010.??.??"]
[Round "?"]
[White "Sýkora, Josef"]
[Black "Canibal, Jaromír"]
[Result "1/2-1/2"]
[WhiteElo "2291"]
[BlackElo "2324"]
[PlyCount "32"]
[EventDate "2010.??.??"]
[EventType "corr"]

1. c4 e5 2. g3 Nf6 3. Bg2 c6 4. d4 exd4 5. Qxd4 Na6 6. Nc3 Bc5 7. Qd1 O-O 8.
Nf3 d5 9. cxd5 Nb4 10. Bg5 Nbxd5 11. Nxd5 Qxd5 12. Bxf6 Qxd1+ 13. Rxd1 gxf6 14.
a3 Be6 15. Nd4 Rfd8 16. Nxe6 Rxd1+ 1/2-1/2

[Event "Memorial Hanaka Frantiska"]
[Site "?"]
[Date "2010.??.??"]
[Round "?"]
[White "Laurenc, Petr"]
[Black "Sýkora, Josef"]
[Result "1/2-1/2"]
[WhiteElo "2346"]
[BlackElo "2291"]
[PlyCount "50"]
[EventDate "2010.??.??"]
[EventType "corr"]

1. e4 e6 2. d4 d5 3. Nc3 dxe4 4. Nxe4 Bd7 5. Nf3 Bc6 6. Bd3 Nd7 7. O-O Ngf6 8.
Ng3 Be7 9. Re1 O-O 10. c3 Re8 11. Bc2 b5 12. Qe2 b4 13. cxb4 Bxb4 14. Rd1 Bd5
15. Ne5 c6 16. Bf4 Be7 17. Rac1 Qb6 18. Bb1 Red8 19. Nf1 Nxe5 20. Bxe5 g6 21.
Ne3 Nd7 22. Bf4 Rac8 23. b3 Nf6 24. Be5 Nd7 25. Bg3 Nf6 1/2-1/2

[Event "Memorial Hanaka Frantiska"]
[Site "?"]
[Date "2010.??.??"]
[Round "?"]
[White "Sýkora, Josef"]
[Black "Nedoma, Petr"]
[Result "1/2-1/2"]
[WhiteElo "2291"]
[BlackElo "2403"]
[PlyCount "53"]
[EventDate "2010.??.??"]
[EventType "corr"]

1. c4 Nf6 2. d4 e6 3. Nf3 d5 4. Nc3 c6 5. e3 Nbd7 6. Bd3 dxc4 7. Bxc4 b5 8. Bd3
Bb7 9. e4 b4 10. Na4 c5 11. e5 Nd5 12. O-O Rc8 13. Nxc5 Nxc5 14. dxc5 Bxc5 15.
Ng5 Be7 16. Nxh7 g6 17. Bb5+ Bc6 18. Bxc6+ Rxc6 19. Qa4 Qc7 20. Ng5 Nb6 21. Qb5
O-O 22. Nf3 Nc4 23. b3 Rb8 24. Qa4 Nb6 25. Qa5 Rd8 26. Be3 Rd5 27. Qa6 1/2-1/2

[Event "Memorial Hanaka Frantiska"]
[Site "?"]
[Date "2010.??.??"]
[Round "?"]
[White "Mezera, Lukás"]
[Black "Sýkora, Josef"]
[Result "1-0"]
[WhiteElo "2314"]
[BlackElo "2291"]
[PlyCount "87"]
[EventDate "2010.??.??"]
[EventType "corr"]

1. e4 e6 2. d4 d5 3. Nd2 dxe4 4. Nxe4 Bd7 5. Nf3 Bc6 6. Bd3 Nd7 7. O-O Ngf6 8.
Ng3 Be7 9. b3 O-O 10. Bb2 b6 11. c4 Bb7 12. Qe2 c5 13. Rad1 cxd4 14. Nxd4 g6
15. Be4 Qc8 16. Nb5 Bxe4 17. Nxe4 Qc6 18. Ng5 h6 19. Nf3 Kh7 20. Bc1 Rfd8 21.
Nfd4 Qb7 22. Qe3 Ng8 23. Nf3 Ndf6 24. Ne5 Bc5 25. Qf3 Qxf3 26. gxf3 Rf8 27. Nd6
Bxd6 28. Rxd6 Rac8 29. Ba3 Kg7 30. Bb2 Rfe8 31. Rfd1 Re7 32. Kg2 Kh7 33. f4
Rec7 34. Kf3 Re8 35. h3 Rb7 36. Rd8 h5 37. Ke2 Kg7 38. Nc6 Rxd8 39. Rxd8 Rc7
40. Nb8 Re7 41. Be5 Kh7 42. b4 Re8 43. Rxe8 Nxe8 44. Nc6 1-0

[Event "Memorial Hanaka Frantiska"]
[Site "?"]
[Date "2010.??.??"]
[Round "?"]
[White "Sýkora, Josef"]
[Black "Ertl, Lubos"]
[Result "1/2-1/2"]
[WhiteElo "2291"]
[BlackElo "2316"]
[PlyCount "68"]
[EventDate "2010.??.??"]
[EventType "corr"]

1. c4 e5 2. g3 Nf6 3. Bg2 d5 4. cxd5 Nxd5 5. Nf3 Nc6 6. O-O Nb6 7. b3 Be7 8.
Bb2 f6 9. d4 e4 10. Nfd2 f5 11. e3 Be6 12. Qe2 O-O 13. Nc4 Bf6 14. Nbd2 Qe8 15.
f3 exf3 16. Nxf3 Bd5 17. Nfe5 Bxc4 18. Nxc4 Nxd4 19. Qd3 Ne6 20. Bxf6 Rxf6 21.
Bxb7 Nc5 22. Bd5+ Kh8 23. Qd4 Rd8 24. Qxc5 Rxd5 25. Qxc7 Nxc4 26. Qxc4 Qxe3+
27. Kh1 Re5 28. Rad1 h6 29. Kg2 Kh7 30. Rf2 Rfe6 31. Qd4 Qxd4 32. Rxd4 Kg6 33.
Rdd2 a6 34. Rd7 Kf6 1/2-1/2

[Event "Memorial Hanaka Frantiska"]
[Site "?"]
[Date "2010.??.??"]
[Round "?"]
[White "Kostál, Jindrich"]
[Black "Pecka, Josef"]
[Result "1/2-1/2"]
[WhiteElo "2343"]
[BlackElo "2363"]
[PlyCount "54"]
[EventDate "2010.??.??"]
[EventType "corr"]

1. e4 e5 2. Nf3 Nc6 3. Bb5 a6 4. Ba4 Nf6 5. O-O Be7 6. Re1 b5 7. Bb3 d6 8. c3
O-O 9. h3 Na5 10. Bc2 c5 11. d4 Nd7 12. Nbd2 exd4 13. cxd4 Nc6 14. Nf1 cxd4 15.
Nxd4 Nxd4 16. Qxd4 Ne5 17. f4 Nc6 18. Qf2 Bh4 19. Ng3 Qf6 20. Kh2 Bb7 21. Bb1
Rfe8 22. Be3 Qg6 23. Qf3 Na5 24. Bf2 Nc4 25. Re2 Bxg3+ 26. Qxg3 f5 27. Qxg6
hxg6 1/2-1/2

[Event "Memorial Hanaka Frantiska"]
[Site "?"]
[Date "2010.??.??"]
[Round "?"]
[White "Urbánek, Stepán"]
[Black "Kostál, Jindrich"]
[Result "1/2-1/2"]
[WhiteElo "2280"]
[BlackElo "2343"]
[PlyCount "35"]
[EventDate "2010.??.??"]
[EventType "corr"]

1. d4 Nf6 2. Nf3 g6 3. c4 Bg7 4. Nc3 d5 5. e3 O-O 6. Qb3 dxc4 7. Bxc4 Nc6 8.
Be2 Qd6 9. O-O Be6 10. Qd1 Rad8 11. Ng5 Bc8 12. f4 b6 13. Nf3 Bb7 14. Bd2 a6
15. Rc1 e6 16. Qb3 Ne7 17. Rfd1 Nf5 18. Ne5 1/2-1/2

[Event "Memorial Hanaka Frantiska"]
[Site "?"]
[Date "2010.??.??"]
[Round "?"]
[White "Kostál, Jindrich"]
[Black "Kýhos, Alois"]
[Result "1/2-1/2"]
[WhiteElo "2343"]
[BlackElo "2318"]
[PlyCount "105"]
[EventDate "2010.??.??"]
[EventType "corr"]

1. e4 c6 2. d4 d5 3. exd5 cxd5 4. c3 Nc6 5. Nf3 Nf6 6. Bf4 g6 7. h3 Bg7 8. Nbd2
O-O 9. Be2 Re8 10. O-O Nh5 11. Bh2 Bh6 12. Re1 Bf4 13. Bf1 Bxh2+ 14. Nxh2 Kg7
15. Ng4 a6 16. Rc1 Bxg4 17. hxg4 Nf6 18. g5 Ng8 19. g3 h6 20. gxh6+ Nxh6 21.
Nb3 Qd6 22. Nc5 Rab8 23. b4 Ng8 24. Qd2 Nf6 25. Bg2 Rh8 26. a3 e6 27. c4 dxc4
28. Rxc4 Nd5 29. Qg5 Rh5 30. Qc1 Nce7 31. Re5 Rh7 32. Qe1 Kf8 33. Re2 b6 34.
Ne4 Qd8 35. Rec2 Nf5 36. Rc1 Kg7 37. Nc3 b5 38. Nxd5 bxc4 39. Qe5+ f6 40. Qxe6
Qd6 41. Nf4 g5 42. Be4 gxf4 43. Qxf5 Rh6 44. Kg2 fxg3 45. fxg3 Kh8 46. Rxc4 Rg8
47. Qf2 Qe6 48. Qf4 Rh1 49. Qf5 Qxf5 50. Bxf5 Ra1 51. Rc3 Rd8 52. Rd3 a5 53. d5
1/2-1/2

[Event "Memorial Hanaka Frantiska"]
[Site "?"]
[Date "2010.??.??"]
[Round "?"]
[White "Canibal, Jaromír"]
[Black "Kostál, Jindrich"]
[Result "1/2-1/2"]
[WhiteElo "2324"]
[BlackElo "2343"]
[PlyCount "33"]
[EventDate "2010.??.??"]
[EventType "corr"]

1. d4 Nf6 2. c4 g6 3. Nc3 d5 4. cxd5 Nxd5 5. e4 Nxc3 6. bxc3 Bg7 7. Nf3 c5 8.
Rb1 O-O 9. Be2 cxd4 10. cxd4 Qa5+ 11. Bd2 Qxa2 12. O-O b6 13. Qc1 Bb7 14. Bc4
Qa4 15. Bb5 Qa2 16. Bc4 Qa4 17. Bb5 1/2-1/2

[Event "Memorial Hanaka Frantiska"]
[Site "?"]
[Date "2010.??.??"]
[Round "?"]
[White "Kostál, Jindrich"]
[Black "Laurenc, Petr"]
[Result "1/2-1/2"]
[WhiteElo "2343"]
[BlackElo "2346"]
[PlyCount "63"]
[EventDate "2010.??.??"]
[EventType "corr"]

1. e4 e6 2. d4 d5 3. Nd2 Nf6 4. e5 Nfd7 5. Bd3 c5 6. c3 Nc6 7. Ne2 cxd4 8. cxd4
f6 9. exf6 Nxf6 10. Nf3 Bd6 11. O-O O-O 12. Bf4 Bxf4 13. Nxf4 Ng4 14. Qd2 Qf6
15. Ne2 e5 16. dxe5 Ngxe5 17. Nxe5 Nxe5 18. Rac1 Bg4 19. Bc2 Rad8 20. f3 Bh5
21. Nd4 Rfe8 22. Rfe1 Bf7 23. Ba4 Nc4 24. Qf2 Rxe1+ 25. Rxe1 Ne5 26. Qe3 Nc4
27. Qf2 a6 28. Bc2 Re8 29. Rxe8+ Bxe8 30. b3 Na5 31. Qe3 Bf7 32. Bd3 1/2-1/2

[Event "Memorial Hanaka Frantiska"]
[Site "?"]
[Date "2010.??.??"]
[Round "?"]
[White "Nedoma, Petr"]
[Black "Kostál, Jindrich"]
[Result "1/2-1/2"]
[WhiteElo "2403"]
[BlackElo "2343"]
[PlyCount "129"]
[EventDate "2010.??.??"]
[EventType "corr"]

1. d4 Nf6 2. c4 g6 3. Nf3 Bg7 4. Nc3 d5 5. cxd5 Nxd5 6. e4 Nxc3 7. bxc3 c5 8.
Rb1 cxd4 9. Bb5+ Bd7 10. cxd4 Bxb5 11. Rxb5 b6 12. O-O O-O 13. d5 Nd7 14. Nd4
Nc5 15. Nc6 Qd7 16. Qe2 e6 17. Ba3 Rae8 18. Bxc5 bxc5 19. Qc4 f5 20. Rxc5 fxe4
21. dxe6 Qxe6 22. Nxa7 Qxc4 23. Rxc4 Bh6 24. g3 e3 25. f4 Ra8 26. Nc6 Rxa2 27.
Re4 Bg7 28. Rxe3 Rc2 29. Re6 Rc8 30. Ne5 Bf8 31. f5 gxf5 32. Rf6 Bg7 33. R6xf5
h6 34. Nf3 Bf8 35. Kh1 Re8 36. Ne5 Bg7 37. Ng4 Ra8 38. R1f2 Rxf2 39. Rxf2 Ra6
40. Rf5 Ra4 41. Ne3 Ra2 42. Rb5 Rf2 43. Rb7 Rf3 44. Nd5 Rf2 45. Re7 Rf5 46. Rd7
Rf2 47. Rc7 Bd4 48. Rc4 Bg7 49. Nf4 Bf8 50. Re4 Ra2 51. Re2 Ra3 52. Kg2 Bd6 53.
Re4 Bxf4 54. Rxf4 Kg7 55. g4 Kg6 56. h4 Rd3 57. Rf3 Rd2+ 58. Kg3 Rd1 59. Ra3
Rg1+ 60. Kf4 Rf1+ 61. Rf3 Rxf3+ 62. Kxf3 Kf7 63. Ke4 Ke6 64. Kd4 Kd6 65. Ke4
1/2-1/2

[Event "Memorial Hanaka Frantiska"]
[Site "?"]
[Date "2010.??.??"]
[Round "?"]
[White "Kostál, Jindrich"]
[Black "Mezera, Lukás"]
[Result "1/2-1/2"]
[WhiteElo "2343"]
[BlackElo "2314"]
[PlyCount "51"]
[EventDate "2010.??.??"]
[EventType "corr"]

1. e4 e5 2. Nf3 Nc6 3. Bb5 a6 4. Ba4 Nf6 5. O-O Be7 6. Re1 b5 7. Bb3 O-O 8. c3
d6 9. h3 Bb7 10. d4 Re8 11. Nbd2 Bf8 12. a3 h6 13. Bc2 Nb8 14. b4 Nbd7 15. Bb2
g6 16. a4 c6 17. Nb3 Qc7 18. Na5 Bc8 19. Bc1 exd4 20. cxd4 d5 21. e5 Bxb4 22.
Bd2 Bxa5 23. Bxa5 Qxa5 24. axb5 Qb6 25. bxc6 Qxc6 26. exf6 1/2-1/2

[Event "Memorial Hanaka Frantiska"]
[Site "?"]
[Date "2010.??.??"]
[Round "?"]
[White "Ertl, Lubos"]
[Black "Kostál, Jindrich"]
[Result "0-1"]
[WhiteElo "2316"]
[BlackElo "2343"]
[PlyCount "42"]
[EventDate "2010.??.??"]
[EventType "corr"]

1. e4 e5 2. Nf3 Nc6 3. Bb5 a6 4. Ba4 Nf6 5. O-O Be7 6. Re1 b5 7. Bb3 d6 8. c3
O-O 9. h3 Bb7 10. d4 Re8 11. Nbd2 Bf8 12. d5 Nb8 13. Nf1 Nbd7 14. Ng3 g6 15.
Be3 Nc5 16. Bc2 c6 17. b4 Ncd7 18. dxc6 Bxc6 19. Bb3 Nb6 20. Qd3 Rc8 21. Ng5
Nc4 0-1

[Event "Memorial Hanaka Frantiska"]
[Site "?"]
[Date "2010.??.??"]
[Round "?"]
[White "Pecka, Josef"]
[Black "Urbánek, Stepán"]
[Result "1-0"]
[WhiteElo "2363"]
[BlackElo "2280"]
[PlyCount "83"]
[EventDate "2010.??.??"]
[EventType "corr"]

1. e4 e6 2. d4 d5 3. Nc3 Bb4 4. e5 c5 5. a3 Bxc3+ 6. bxc3 Ne7 7. Qg4 cxd4 8.
Qxg7 Rg8 9. Qxh7 Qc7 10. Ne2 Nbc6 11. f4 Bd7 12. Qd3 dxc3 13. Qxc3 Nf5 14. Rb1
d4 15. Qc5 b6 16. Qc4 O-O-O 17. Rg1 Kb8 18. g4 Nh4 19. Rb3 Bc8 20. Rh3 Ng6 21.
Bg2 Nge7 22. Rh7 Nd5 23. g5 Bb7 24. Bd2 Ne3 25. Bxe3 dxe3 26. Rh3 Qd7 27. Rxe3
Na5 28. Qc3 Bxg2 29. Rxg2 Qb7 30. Kf2 Rc8 31. Qd4 Rxc2 32. Qe4 Qc8 33. h4 Nb7
34. h5 Rd8 35. Kg3 Rc4 36. Qf3 Nc5 37. h6 Ra4 38. Rg1 Qd7 39. Nc3 Rd4 40. Rb1
Rd2 41. a4 Nb7 42. Ne4 1-0

[Event "Memorial Hanaka Frantiska"]
[Site "?"]
[Date "2010.??.??"]
[Round "?"]
[White "Kýhos, Alois"]
[Black "Pecka, Josef"]
[Result "1/2-1/2"]
[WhiteElo "2318"]
[BlackElo "2363"]
[PlyCount "61"]
[EventDate "2010.??.??"]
[EventType "corr"]

1. e4 e5 2. Nf3 Nf6 3. Nxe5 d6 4. Nf3 Nxe4 5. d4 d5 6. Bd3 Be7 7. O-O Nc6 8. c4
Nb4 9. Be2 O-O 10. Nc3 Bf5 11. a3 Nxc3 12. bxc3 Nc6 13. Re1 Re8 14. cxd5 Qxd5
15. Bf4 Rac8 16. Bd3 b5 17. Qb1 Bxd3 18. Qxd3 h6 19. a4 a6 20. axb5 axb5 21.
Rab1 b4 22. c4 Qd7 23. d5 Bf8 24. Bd2 Rxe1+ 25. Rxe1 Ra8 26. Qe4 Na5 27. Ne5
Qe8 28. Qg4 Qc8 29. Qh5 Qe8 30. Ng6 Qd8 31. Nxf8 1/2-1/2

[Event "Memorial Hanaka Frantiska"]
[Site "?"]
[Date "2010.??.??"]
[Round "?"]
[White "Pecka, Josef"]
[Black "Canibal, Jaromír"]
[Result "1-0"]
[WhiteElo "2363"]
[BlackElo "2324"]
[PlyCount "31"]
[EventDate "2010.??.??"]
[EventType "corr"]

1. e4 e5 2. Nf3 Nc6 3. Bc4 Bc5 4. c3 Nf6 5. b4 Bb6 6. d3 d6 7. a4 a5 8. b5 Ne7
9. O-O Ng6 10. Nbd2 O-O 11. Bb3 c6 12. bxc6 bxc6 13. d4 Bg4 14. Qc2 Re8 15. h3
Bh5 16. g4 1-0

[Event "Memorial Hanaka Frantiska"]
[Site "?"]
[Date "2010.??.??"]
[Round "?"]
[White "Laurenc, Petr"]
[Black "Pecka, Josef"]
[Result "1/2-1/2"]
[WhiteElo "2346"]
[BlackElo "2363"]
[PlyCount "72"]
[EventDate "2010.??.??"]
[EventType "corr"]

1. e4 e6 2. d4 d5 3. Nc3 Nf6 4. e5 Nfd7 5. f4 c5 6. Nf3 Nc6 7. Be3 cxd4 8. Nxd4
Bc5 9. Qd2 O-O 10. O-O-O a6 11. Kb1 Nxd4 12. Bxd4 b5 13. Qe3 Qc7 14. Bd3 Bxd4
15. Qxd4 Rb8 16. Qf2 Nc5 17. Ne2 f6 18. exf6 Rxf6 19. Qe3 a5 20. Rhe1 Bd7 21.
g3 b4 22. Nd4 a4 23. h4 Rc8 24. Qe5 Qb7 25. h5 h6 26. Rf1 Rcf8 27. Rfe1 Rc8 28.
Re2 Rcf8 29. Qe3 Be8 30. Rh1 Qb6 31. Nf3 Bb5 32. Ne5 Rb8 33. Rd1 Rff8 34. Ree1
b3 35. cxb3 axb3 36. a3 Bxd3+ 1/2-1/2

[Event "Memorial Hanaka Frantiska"]
[Site "?"]
[Date "2010.??.??"]
[Round "?"]
[White "Pecka, Josef"]
[Black "Nedoma, Petr"]
[Result "0-1"]
[WhiteElo "2363"]
[BlackElo "2403"]
[PlyCount "96"]
[EventDate "2010.??.??"]
[EventType "corr"]

1. e4 e5 2. Nf3 Nc6 3. Bc4 Bc5 4. c3 Nf6 5. b4 Be7 6. Qe2 O-O 7. O-O a6 8. Bd5
d6 9. d3 Nxd5 10. exd5 Nb8 11. c4 Bg4 12. a4 f5 13. h3 Bh5 14. Qe3 Bf6 15. Ra2
Nd7 16. a5 Re8 17. Nc3 c5 18. b5 axb5 19. Nxb5 Nf8 20. Bd2 Ng6 21. Rb1 h6 22.
Kh1 e4 23. dxe4 fxe4 24. Ne1 Nh4 25. Qb3 Be5 26. Bc3 Bf4 27. Bd2 Bxd2 28. Rxd2
e3 29. Rdb2 Bg6 30. Rd1 Rxa5 31. Re2 Nf5 32. Kg1 exf2+ 33. Rxf2 Ne3 34. Rc1 Qb6
35. Rb2 Re4 36. Nf3 Nxc4 37. Rxc4 Rxb5 38. Qxb5 Qxb5 39. Rxb5 Rxc4 40. Rxb7
Rc1+ 41. Kf2 Rd1 42. Rc7 Rxd5 43. Ke3 Rd3+ 44. Ke2 Kf8 45. Ra7 c4 46. Rc7 Bf7
47. Ra7 Bh5 48. Rb7 Bxf3+ 0-1

[Event "Memorial Hanaka Frantiska"]
[Site "?"]
[Date "2010.??.??"]
[Round "?"]
[White "Mezera, Lukás"]
[Black "Pecka, Josef"]
[Result "1/2-1/2"]
[WhiteElo "2314"]
[BlackElo "2363"]
[PlyCount "88"]
[EventDate "2010.??.??"]
[EventType "corr"]

1. d4 Nf6 2. c4 g6 3. Nc3 Bg7 4. e4 d6 5. Nf3 O-O 6. Be2 e5 7. O-O Nc6 8. d5
Ne7 9. b4 Nh5 10. Re1 f5 11. Ng5 Nf6 12. Bf3 c6 13. Be3 h6 14. Ne6 Bxe6 15.
dxe6 fxe4 16. Nxe4 Nxe4 17. Bxe4 d5 18. cxd5 cxd5 19. Bc2 b6 20. Qg4 e4 21.
Rad1 Qc7 22. Bb3 Rf5 23. Rd2 h5 24. Qe2 Bc3 25. Rc2 Qe5 26. Bd2 Bxd2 27. Rxd2
Raf8 28. f3 Qc3 29. Qe3 Qf6 30. Bc2 Rf4 31. Bd1 exf3 32. Bxf3 Rxb4 33. h3 Qf5
34. Rdd1 Rf4 35. Qa3 Qg5 36. Rd3 R4f5 37. Red1 Qf6 38. Re1 Qh4 39. Rf1 Re5 40.
Qxa7 Qc4 41. Rfd1 Qc5+ 42. Kh1 Rd8 43. Bxd5 Rexd5 44. Rxd5 Rxd5 1/2-1/2

[Event "Memorial Hanaka Frantiska"]
[Site "?"]
[Date "2010.??.??"]
[Round "?"]
[White "Pecka, Josef"]
[Black "Ertl, Lubos"]
[Result "1-0"]
[WhiteElo "2363"]
[BlackElo "2316"]
[PlyCount "77"]
[EventDate "2010.??.??"]
[EventType "corr"]

1. e4 e5 2. Nf3 Nc6 3. Bc4 Bc5 4. c3 Nf6 5. b4 Bb6 6. d3 d6 7. a4 a6 8. Nbd2
O-O 9. O-O Ne7 10. h3 Ng6 11. Bb3 Bd7 12. Re1 h6 13. a5 Ba7 14. Nf1 Nh5 15. d4
exd4 16. cxd4 Re8 17. Ng5 hxg5 18. Qxh5 Qf6 19. Bxg5 Qxd4 20. Be3 Qf6 21. Rac1
c6 22. Ng3 Bxe3 23. Rxe3 Nf4 24. Qf3 Re5 25. Rd1 Rae8 26. Ne2 Nxe2+ 27. Qxe2
Be6 28. Rxd6 Qe7 29. Rd4 c5 30. bxc5 Qxc5 31. Rdd3 Qxa5 32. f4 Rb5 33. Bxe6
Rxe6 34. Kh2 Rb4 35. Qe1 Qb6 36. f5 Re5 37. Qd1 Re8 38. e5 Rb5 39. e6 1-0

[Event "Memorial Hanaka Frantiska"]
[Site "?"]
[Date "2010.??.??"]
[Round "?"]
[White "Urbánek, Stepán"]
[Black "Kýhos, Alois"]
[Result "1/2-1/2"]
[WhiteElo "2280"]
[BlackElo "2318"]
[PlyCount "88"]
[EventDate "2010.??.??"]
[EventType "corr"]

1. d4 Nf6 2. Nf3 d5 3. e3 g6 4. c4 Bg7 5. Nc3 O-O 6. Qb3 dxc4 7. Bxc4 Nc6 8.
Be2 a5 9. O-O Qd6 10. d5 Ne5 11. Nxe5 Qxe5 12. Rd1 Bd7 13. Bd2 a4 14. Qb4 Qd6
15. Qh4 c6 16. dxc6 Bxc6 17. Be1 Qe5 18. Rac1 e6 19. a3 Nd7 20. Rc2 Rfd8 21.
Na2 Bd5 22. Bc3 Qf5 23. Bd3 Bf6 24. Bxf6 Qxf6 25. Qxf6 Nxf6 26. Nc1 e5 27. Rcd2
Rdc8 28. Bc2 Be6 29. Nd3 Nd7 30. h3 Kg7 31. Rc1 Nc5 32. Nxc5 Rxc5 33. Rcd1 Rb5
34. Be4 Rc8 35. g4 h5 36. gxh5 gxh5 37. Kg2 Rb3 38. Bf3 Rc5 39. Bxh5 Rcb5 40.
Bg4 Bxg4 41. hxg4 Rxb2 42. Rxb2 Rxb2 43. Kf3 f6 44. Rd8 Kg6 1/2-1/2

[Event "Memorial Hanaka Frantiska"]
[Site "?"]
[Date "2010.??.??"]
[Round "?"]
[White "Canibal, Jaromír"]
[Black "Urbánek, Stepán"]
[Result "1/2-1/2"]
[WhiteElo "2324"]
[BlackElo "2280"]
[PlyCount "55"]
[EventDate "2010.??.??"]
[EventType "corr"]

1. e4 e6 2. d4 d5 3. Nd2 c5 4. exd5 Qxd5 5. Ngf3 cxd4 6. Bc4 Qd6 7. O-O Nf6 8.
Nb3 Nc6 9. Nbxd4 Nxd4 10. Nxd4 a6 11. Re1 Qc7 12. Qe2 Bd6 13. Bg5 O-O 14. Bxf6
gxf6 15. g3 b5 16. Bd3 f5 17. Qe3 Bc5 18. Rad1 Bxd4 19. Qxd4 Bb7 20. Re3 Rad8
21. Qh4 Rd6 22. g4 Qd8 23. Qh5 Be4 24. g5 f6 25. g6 Rd7 26. Rh3 f4 27. Re1 Bxg6
28. Bxg6 1/2-1/2

[Event "Memorial Hanaka Frantiska"]
[Site "?"]
[Date "2010.??.??"]
[Round "?"]
[White "Urbánek, Stepán"]
[Black "Laurenc, Petr"]
[Result "1/2-1/2"]
[WhiteElo "2280"]
[BlackElo "2346"]
[PlyCount "89"]
[EventDate "2010.??.??"]
[EventType "corr"]

1. d4 d5 2. Nf3 Nf6 3. e3 e6 4. Bd3 c5 5. b3 Nc6 6. O-O Bd6 7. Bb2 O-O 8. Nbd2
Qe7 9. Ne5 cxd4 10. exd4 Qc7 11. Nxc6 bxc6 12. h3 a5 13. Qe2 g6 14. Nf3 Nh5 15.
g3 f6 16. a4 e5 17. dxe5 fxe5 18. Nxe5 Bxh3 19. Qe3 Nf6 20. Rfe1 Rae8 21. Bc3
c5 22. Qh6 Bxe5 23. Bxe5 Rxe5 24. Qxh3 Kg7 25. Rxe5 Qxe5 26. Rd1 Re8 27. Bb5
Re6 28. Bf1 Re7 29. Bd3 Qd4 30. Qf1 Qc3 31. Qg2 h5 32. Qf3 Qe5 33. Rf1 Ng4 34.
Kg2 Qe6 35. Bb5 Rf7 36. Qe2 Qf6 37. Qd3 Qe5 38. Qe2 Qg5 39. Bd3 Re7 40. Qf3 Re6
41. Qf4 Qxf4 42. gxf4 Kf7 43. Rg1 Kf6 44. Rd1 Re8 45. Bb5 1/2-1/2

[Event "Memorial Hanaka Frantiska"]
[Site "?"]
[Date "2010.??.??"]
[Round "?"]
[White "Nedoma, Petr"]
[Black "Urbánek, Stepán"]
[Result "1/2-1/2"]
[WhiteElo "2403"]
[BlackElo "2280"]
[PlyCount "88"]
[EventDate "2010.??.??"]
[EventType "corr"]

1. d4 d5 2. c4 dxc4 3. Nc3 a6 4. e3 b5 5. a4 b4 6. Bxc4 e6 7. Nce2 Bb7 8. Nf3
Nf6 9. b3 Bd6 10. Bb2 Nbd7 11. Rc1 O-O 12. O-O Qe7 13. Ne5 Rfd8 14. Nxd7 Rxd7
15. Ng3 g6 16. Qe2 h5 17. f3 c5 18. dxc5 Bxc5 19. Bxe6 Qxe6 20. Rxc5 h4 21. Ne4
Nxe4 22. fxe4 Qxb3 23. h3 Re8 24. Qf2 Bxe4 25. Bd4 Rxd4 26. exd4 Qe6 27. Re5
Qd7 28. Rxe8+ Qxe8 29. d5 Bxd5 30. Qd2 Bc6 31. Qxb4 Bxa4 32. Qxh4 Bb5 33. Re1
Qc6 34. Qd8+ Kg7 35. Qd4+ Qf6 36. Re5 Qf1+ 37. Kh2 Qd3 38. Qxd3 Bxd3 39. h4 Bb5
40. Kg3 Bc4 41. Kf4 Bb5 42. g4 Bc4 43. g5 Bb3 44. Ra5 Be6 1/2-1/2

[Event "Memorial Hanaka Frantiska"]
[Site "?"]
[Date "2010.??.??"]
[Round "?"]
[White "Urbánek, Stepán"]
[Black "Mezera, Lukás"]
[Result "1/2-1/2"]
[WhiteElo "2280"]
[BlackElo "2314"]
[PlyCount "83"]
[EventDate "2010.??.??"]
[EventType "corr"]

1. d4 Nf6 2. Nf3 g6 3. c4 Bg7 4. Nc3 d5 5. e3 O-O 6. Qb3 e6 7. Bd2 b6 8. cxd5
exd5 9. Be2 Bb7 10. O-O Nbd7 11. Rfd1 c6 12. a4 a5 13. Rac1 Re8 14. Ne1 Bf8 15.
Nd3 Ba6 16. Nf4 Bxe2 17. Ncxe2 Rc8 18. Rc2 Ne4 19. Be1 Ndf6 20. Rdc1 c5 21. f3
c4 22. Qa2 Nd6 23. Bh4 Bh6 24. Nxd5 Bxe3+ 25. Nxe3 Rxe3 26. Bg5 Re8 27. b3 h6
28. Bxf6 Qxf6 29. bxc4 Nf5 30. d5 Qe7 31. Ng3 Qe3+ 32. Kf1 Nd6 33. Rd1 Qf4 34.
Qb3 Nxc4 35. Kg1 Qe3+ 36. Qxe3 Nxe3 37. Rxc8 Rxc8 38. Rd4 Rc4 39. Rd3 Rc1+ 40.
Kf2 Nd1+ 41. Ke2 Nb2 42. Rd4 1/2-1/2

[Event "Memorial Hanaka Frantiska"]
[Site "?"]
[Date "2010.??.??"]
[Round "?"]
[White "Ertl, Lubos"]
[Black "Urbánek, Stepán"]
[Result "1/2-1/2"]
[WhiteElo "2316"]
[BlackElo "2280"]
[PlyCount "54"]
[EventDate "2010.??.??"]
[EventType "corr"]

1. e4 e6 2. d4 d5 3. Nc3 Bb4 4. e5 c5 5. a3 Bxc3+ 6. bxc3 Ne7 7. Nf3 b6 8. Bb5+
Bd7 9. a4 Bxb5 10. axb5 Qd7 11. dxc5 Qxb5 12. cxb6 Qxb6 13. Ba3 Nbc6 14. O-O
O-O 15. Qd3 Rfc8 16. Rfb1 Qd8 17. g3 a5 18. Rb7 Ng6 19. Bd6 a4 20. h4 Na5 21.
Rb4 Nc4 22. h5 Ne7 23. Bxe7 Qxe7 24. Rbxa4 Rxa4 25. Rxa4 h6 26. Ra2 Qc7 27. Qe2
Qb7 1/2-1/2

[Event "Memorial Hanaka Frantiska"]
[Site "?"]
[Date "2010.??.??"]
[Round "?"]
[White "Kýhos, Alois"]
[Black "Canibal, Jaromír"]
[Result "1/2-1/2"]
[WhiteElo "2318"]
[BlackElo "2324"]
[PlyCount "44"]
[EventDate "2010.??.??"]
[EventType "corr"]

1. d4 d5 2. c4 e6 3. g3 Nf6 4. Bg2 Bb4+ 5. Bd2 a5 6. Nf3 dxc4 7. O-O O-O 8. a3
Bxd2 9. Nbxd2 b5 10. b3 cxb3 11. Qxb3 c6 12. Rac1 Bb7 13. Rfd1 Qe7 14. Ne5 Nd5
15. Ne4 a4 16. Qb2 Na6 17. Nc5 Nxc5 18. Rxc5 Qd6 19. Rdc1 Rac8 20. e3 Rfd8 21.
R5c2 Rc7 22. Nd3 Qe7 1/2-1/2

[Event "Memorial Hanaka Frantiska"]
[Site "?"]
[Date "2010.??.??"]
[Round "?"]
[White "Laurenc, Petr"]
[Black "Kýhos, Alois"]
[Result "1-0"]
[WhiteElo "2346"]
[BlackElo "2318"]
[PlyCount "67"]
[EventDate "2010.??.??"]
[EventType "corr"]

1. e4 c6 2. d4 d5 3. e5 Bf5 4. Nf3 e6 5. Be2 c5 6. Be3 Ne7 7. dxc5 Nd7 8. Nd4
Nxe5 9. Nc3 a6 10. O-O N5c6 11. Na4 Nxd4 12. Bxd4 Qc7 13. b4 Nc6 14. c3 Rd8 15.
Bd3 Bg6 16. Nb6 Nxd4 17. cxd4 Be7 18. a4 Kf8 19. g3 Bxd3 20. Qxd3 h5 21. Qe3 h4
22. Kg2 Kg8 23. f4 hxg3 24. hxg3 Bf6 25. b5 g6 26. bxa6 bxa6 27. Rh1 Kg7 28. g4
Rde8 29. g5 Be7 30. Rac1 Bd8 31. Rxh8 Rxh8 32. Qe5+ Qxe5 33. dxe5 Bxb6 34. cxb6
1-0

[Event "Memorial Hanaka Frantiska"]
[Site "?"]
[Date "2010.??.??"]
[Round "?"]
[White "Kýhos, Alois"]
[Black "Nedoma, Petr"]
[Result "1/2-1/2"]
[WhiteElo "2318"]
[BlackElo "2403"]
[PlyCount "50"]
[EventDate "2010.??.??"]
[EventType "corr"]

1. e4 e6 2. d4 d5 3. Nc3 Nf6 4. e5 Nfd7 5. f4 c5 6. Nf3 Nc6 7. Be3 Qb6 8. Na4
Qa5+ 9. c3 cxd4 10. b4 Nxb4 11. cxb4 Bxb4+ 12. Bd2 Bxd2+ 13. Nxd2 O-O 14. Bd3
b5 15. Nb2 Nb6 16. O-O Nc4 17. Bxh7+ Kxh7 18. Qh5+ Kg8 19. Nf3 f6 20. Nxc4 dxc4
21. Ng5 fxg5 22. fxg5 Rxf1+ 23. Rxf1 Qc3 24. Qe8+ Kh7 25. Qh5+ Kg8 1/2-1/2